000
00342nam a22001577a 4500
003
SGT
020
_a
9789332505711
082
_a
624.1821,MCC
100
_a
MCCORMAC,JACK C.
245
_a
STRUCTURAL STEEL DESIGN
250
_a
5TH
260
_a
CHENNAI
_b
PEARSON
_c
2017
300
_a
736
650
_a
CIVIL ENGINEERING
942
_2
ddc
_c
BK
999
_c
18321
_d
18321